<?xml version="1.0" encoding="UTF-8"?>
<record
    xmlns:xsi="http://www.w3.org/2001/XMLSchema-instance"
    xsi:schemaLocation="http://www.loc.gov/MARC21/slim http://www.loc.gov/standards/marcxml/schema/MARC21slim.xsd"
    xmlns="http://www.loc.gov/MARC21/slim">

  <leader>00705cam a22002532i 4500</leader>
  <controlfield tag="001">CIP114006766</controlfield>
  <controlfield tag="003">YEEZEN</controlfield>
  <controlfield tag="005">20260313104727.0</controlfield>
  <controlfield tag="008">250518s2025    ch     e      000 0 chi d</controlfield>
  <datafield tag="020" ind1=" " ind2=" ">
    <subfield code="a">9789869854771</subfield>
    <subfield code="q">(&#x7CBE;&#x88DD;) :</subfield>
    <subfield code="c">NT$3000</subfield>
  </datafield>
  <datafield tag="040" ind1=" " ind2=" ">
    <subfield code="a">CIP</subfield>
    <subfield code="b">chi</subfield>
    <subfield code="c">CIP</subfield>
  </datafield>
  <datafield tag="042" ind1=" " ind2=" ">
    <subfield code="a">nbic</subfield>
  </datafield>
  <datafield tag="084" ind1=" " ind2=" ">
    <subfield code="a">416.90933</subfield>
    <subfield code="2">ncsclt</subfield>
  </datafield>
  <datafield tag="090" ind1=" " ind2=" ">
    <subfield code="a">416.90933</subfield>
  </datafield>
  <datafield tag="245" ind1="1" ind2="0">
    <subfield code="a">&#x81FA;&#x7063;&#x53E3;&#x8154;&#x91AB;&#x5B78;&#x53F2;</subfield>
    <subfield code="b">= The history of oral medicine in Taiwan /</subfield>
    <subfield code="c">&#x9673;&#x9298;&#x52A9;&#x7DE8;&#x64B0;</subfield>
  </datafield>
  <datafield tag="250" ind1=" " ind2=" ">
    <subfield code="a">&#x4FEE;&#x8A02;&#x4E00;&#x7248;</subfield>
  </datafield>
  <datafield tag="260" ind1=" " ind2=" ">
    <subfield code="a">&#x81FA;&#x5317;&#x5E02; :</subfield>
    <subfield code="b">&#x7259;&#x91AB;&#x5E2B;&#x5168;&#x806F;&#x6703;, </subfield>
    <subfield code="c">2025.05.</subfield>
  </datafield>
  <datafield tag="300" ind1=" " ind2=" ">
    <subfield code="a">&#x9762; ;</subfield>
    <subfield code="c">&#x516C;&#x5206;</subfield>
  </datafield>
  <datafield tag="650" ind1=" " ind2="7">
    <subfield code="2">lcstt</subfield>
    <subfield code="a">&#x53E3;&#x8154;</subfield>
  </datafield>
  <datafield tag="650" ind1=" " ind2="7">
    <subfield code="2">lcstt</subfield>
    <subfield code="a">&#x7259;&#x79D1;</subfield>
  </datafield>
  <datafield tag="650" ind1=" " ind2="7">
    <subfield code="2">lcstt</subfield>
    <subfield code="a">&#x6B77;&#x53F2;</subfield>
  </datafield>
  <datafield tag="651" ind1=" " ind2="7">
    <subfield code="2">lcstt</subfield>
    <subfield code="a">&#x81FA;&#x7063;</subfield>
  </datafield>
  <datafield tag="942" ind1=" " ind2=" ">
    <subfield code="2">ccl</subfield>
    <subfield code="c">BOOK</subfield>
  </datafield>
  <datafield tag="999" ind1=" " ind2=" ">
    <subfield code="c">7702</subfield>
    <subfield code="d">7702</subfield>
  </datafield>
  <datafield tag="952" ind1=" " ind2=" ">
    <subfield code="0">0</subfield>
    <subfield code="1">0</subfield>
    <subfield code="2">ccl</subfield>
    <subfield code="4">0</subfield>
    <subfield code="7">0</subfield>
    <subfield code="a">yeezen</subfield>
    <subfield code="b">yeezen</subfield>
    <subfield code="c">YEEZEN</subfield>
    <subfield code="d">2026-03-13</subfield>
    <subfield code="l">0</subfield>
    <subfield code="o">416.90933</subfield>
    <subfield code="p">C03285</subfield>
    <subfield code="r">2026-03-13 00:00:00</subfield>
    <subfield code="w">2026-03-13</subfield>
    <subfield code="y">BOOK</subfield>
    <subfield code="z">2025&#x5E74;5&#x6708;&#x7531;&#x4E2D;&#x83EF;&#x6C11;&#x570B;&#x7259;&#x91AB;&#x5E2B;&#x516C;&#x6703;&#x5168;&#x570B;&#x806F;&#x5408;&#x6703;&#x51FA;&#x7248;&#x7684;&#x300A;&#x81FA;&#x7063;&#x53E3;&#x8154;&#x91AB;&#x5B78;&#x53F2;&#x300B;&#xFF08;&#x9673;&#x9298;&#x52A9;&#x3001;&#x838A;&#x4E16;&#x660C;&#x8457;&#xFF09;&#x662F;&#x8A18;&#x9304;&#x53F0;&#x7063;&#x7259;&#x91AB;&#x5B78;&#x767C;&#x5C55;&#x7684;&#x73CD;&#x8CB4;&#x53F2;&#x6599;&#x3002;&#x8A72;&#x66F8;&#x6DB5;&#x84CB;&#x4E86;&#x5F9E;&#x65E9;&#x671F;&#x5230;&#x73FE;&#x4EE3;&#x7684;&#x7259;&#x91AB;&#x4EBA;&#x6587;&#x6B77;&#x53F2;&#xFF0C;&#x88AB;&#x8996;&#x70BA;&#x5C0B;&#x6839;&#x8207;&#x50B3;&#x627F;&#x7684;&#x5C08;&#x696D;&#x8457;&#x4F5C;&#xFF0C;&#x4E26;&#x66FE;&#x6709;2024&#x589E;&#x4FEE;&#x7248;&#x5728;2025&#x5E74;&#x521D;&#x767C;&#x884C;&#xFF0C;&#x4E14;&#x6709;&#x76F8;&#x95DC;&#x5167;&#x5BB9;&#x52D8;&#x8AA4;&#x5EFA;&#x8B70;&#x3002;</subfield>
  </datafield>
</record>
